000 00604nam a22002057a 4500
999 _c9348
_d9348
003 AR-CdUCM
008 190327b ||||| |||| 00| 0 spa d
020 _a84-494-1405-9
040 _aMUNICIPALIDAD PROVINCIAL DEL CUSCO
_cBIBLIOTECA MUNICIPAL DEL CUSCO
082 _a403 /
_bOC28
110 _aOCEANO
_925480
245 _aOcéano práctico diccionario de la lengua Española /
260 _aEspaña :
_bBrosmac,
300 _a792 paginas ;
_c15 cm.
505 _aContenido Diccionario
650 _aDiccionario
_95196
650 _aLengua Española
_91124
942 _2ddc
_cLIBROS
945 _awnts